<?xml version="1.0" encoding="UTF-8"?>
<record
    xmlns:xsi="http://www.w3.org/2001/XMLSchema-instance"
    xsi:schemaLocation="http://www.loc.gov/MARC21/slim http://www.loc.gov/standards/marcxml/schema/MARC21slim.xsd"
    xmlns="http://www.loc.gov/MARC21/slim">

  <leader>02191nam0a2200409   4500</leader>
  <controlfield tag="001">RU\NLR\bibl\1678240</controlfield>
  <controlfield tag="005">20250616050609.0</controlfield>
  <datafield tag="010" ind1=" " ind2=" ">
    <subfield code="a">978-5-7691-2142-5</subfield>
    <subfield code="9">100</subfield>
  </datafield>
  <datafield tag="021" ind1=" " ind2=" ">
    <subfield code="a">RU</subfield>
    <subfield code="b">2010-58740</subfield>
    <subfield code="9">3846</subfield>
  </datafield>
  <datafield tag="035" ind1=" " ind2=" ">
    <subfield code="a">(nilc)RSL-KNO-004714384</subfield>
  </datafield>
  <datafield tag="035" ind1=" " ind2=" ">
    <subfield code="a">(NLR Aleph) 001669461</subfield>
  </datafield>
  <datafield tag="090" ind1=" " ind2=" ">
    <subfield code="a">1032123</subfield>
    <subfield code="c">1032123</subfield>
  </datafield>
  <datafield tag="100" ind1=" " ind2=" ">
    <subfield code="a">20100803d2010    |||y0rusy50      ca</subfield>
  </datafield>
  <datafield tag="101" ind1="0" ind2=" ">
    <subfield code="a">rus</subfield>
    <subfield code="d">eng</subfield>
  </datafield>
  <datafield tag="102" ind1=" " ind2=" ">
    <subfield code="a">RU</subfield>
  </datafield>
  <datafield tag="105" ind1=" " ind2=" ">
    <subfield code="a">a   |||||||||</subfield>
  </datafield>
  <datafield tag="200" ind1="1" ind2=" ">
    <subfield code="a">&#x41C;&#x438;&#x43D;&#x435;&#x440;&#x430;&#x43B;&#x43E;&#x433;&#x438;&#x44F; &#x442;&#x435;&#x445;&#x43D;&#x43E;&#x433;&#x435;&#x43D;&#x435;&#x437;&#x430; - 2010</subfield>
    <subfield code="e">[&#x441;&#x431;&#x43E;&#x440;&#x43D;&#x438;&#x43A; &#x434;&#x43E;&#x43A;&#x43B;&#x430;&#x434;&#x43E;&#x432; XI &#x43D;&#x430;&#x443;&#x447;&#x43D;&#x43E;&#x433;&#x43E; &#x441;&#x435;&#x43C;&#x438;&#x43D;&#x430;&#x440;&#x430;, 23-26 &#x438;&#x44E;&#x43D;&#x44F; 2010 &#x433;., &#x433;. &#x41C;&#x438;&#x430;&#x441;&#x441;</subfield>
    <subfield code="f">&#x43E;&#x442;&#x432;. &#x440;&#x435;&#x434;. &#x421;. &#x421;. &#x41F;&#x43E;&#x442;&#x430;&#x43F;&#x43E;&#x432;]</subfield>
  </datafield>
  <datafield tag="210" ind1=" " ind2=" ">
    <subfield code="a">&#x41C;&#x438;&#x430;&#x441;&#x441;</subfield>
    <subfield code="c">&#x418;&#x41C;&#x438;&#x43D; &#x423;&#x440;&#x41E; &#x420;&#x410;&#x41D;</subfield>
    <subfield code="d">2010</subfield>
  </datafield>
  <datafield tag="215" ind1=" " ind2=" ">
    <subfield code="a">287 &#x441;.</subfield>
    <subfield code="c">&#x438;&#x43B;., &#x43F;&#x43E;&#x440;&#x442;&#x440;., &#x442;&#x430;&#x431;&#x43B;.</subfield>
    <subfield code="d">20</subfield>
  </datafield>
  <datafield tag="300" ind1=" " ind2=" ">
    <subfield code="a">&#x412; &#x43D;&#x430;&#x434;&#x437;&#x430;&#x433;.: &#x420;&#x43E;&#x441;&#x441;&#x438;&#x439;&#x441;&#x43A;&#x430;&#x44F; &#x430;&#x43A;&#x430;&#x434;. &#x43D;&#x430;&#x443;&#x43A;, &#x423;&#x440;&#x430;&#x43B;&#x44C;&#x441;&#x43A;&#x43E;&#x435; &#x43E;&#x442;&#x434;-&#x43D;&#x438;&#x435;, &#x418;&#x43D;-&#x442; &#x43C;&#x438;&#x43D;&#x435;&#x440;&#x430;&#x43B;&#x43E;&#x433;&#x438;&#x438;, &#x420;&#x43E;&#x441;. &#x43C;&#x438;&#x43D;&#x435;&#x440;&#x430;&#x43B;. &#x43E;-&#x432;&#x43E;, &#x418;&#x43B;&#x44C;&#x43C;&#x435;&#x43D;. &#x43E;&#x442;&#x434;-&#x43D;&#x438;&#x435;, &#x420;&#x430;&#x431;. &#x433;&#x440;&#x443;&#x43F;&#x43F;&#x430; &#x43F;&#x43E; &#x441;&#x43E;&#x432;&#x440;&#x435;&#x43C;. &#x43C;&#x438;&#x43D;&#x435;&#x440;&#x430;&#x43B;&#x43E;&#x43E;&#x431;&#x440;&#x430;&#x437;&#x43E;&#x432;&#x430;&#x43D;&#x438;&#x44E;</subfield>
  </datafield>
  <datafield tag="300" ind1=" " ind2=" ">
    <subfield code="a">25-&#x43B;&#x435;&#x442;&#x43D;&#x435;&#x43C;&#x443; &#x44E;&#x431;&#x438;&#x43B;&#x435;&#x44E; &#x441;&#x43E;&#x437;&#x434;&#x430;&#x43D;&#x438;&#x44F; &#x43B;&#x430;&#x431;. &#x43C;&#x438;&#x43D;&#x435;&#x440;&#x430;&#x43B;&#x43E;&#x433;&#x438;&#x438; &#x442;&#x435;&#x445;&#x43D;&#x43E;&#x433;&#x435;&#x43D;&#x435;&#x437;&#x430; &#x418;&#x43D;-&#x442;&#x430; &#x43C;&#x438;&#x43D;&#x435;&#x440;&#x430;&#x43B;&#x43E;&#x433;&#x438;&#x438; &#x423;&#x440;&#x41E; &#x420;&#x410;&#x41D; &#x43F;&#x43E;&#x441;&#x432;&#x44F;&#x449;&#x430;&#x435;&#x442;&#x441;&#x44F;. 1985-2010</subfield>
  </datafield>
  <datafield tag="300" ind1=" " ind2=" ">
    <subfield code="a">&#x420;&#x435;&#x437;. &#x43D;&#x430; &#x430;&#x43D;&#x433;&#x43B;. &#x44F;&#x437;.</subfield>
  </datafield>
  <datafield tag="320" ind1=" " ind2=" ">
    <subfield code="a">&#x411;&#x438;&#x431;&#x43B;&#x438;&#x43E;&#x433;&#x440;. &#x432; &#x43A;&#x43E;&#x43D;&#x446;&#x435; &#x441;&#x442;.</subfield>
  </datafield>
  <datafield tag="606" ind1="1" ind2=" ">
    <subfield code="a">&#x422;&#x435;&#x445;&#x43D;&#x43E;&#x433;&#x435;&#x43D;&#x435;&#x437;</subfield>
    <subfield code="j">&#x421;&#x44A;&#x435;&#x437;&#x434;&#x44B;, &#x441;&#x43E;&#x432;&#x435;&#x449;&#x430;&#x43D;&#x438;&#x44F; &#x438; &#x442;.&#x43F;.</subfield>
    <subfield code="x">&#x41C;&#x438;&#x43D;&#x435;&#x440;&#x430;&#x43B;&#x43E;&#x433;&#x438;&#x44F;</subfield>
    <subfield code="9">1612407</subfield>
    <subfield code="3">RU\NLR\auth\66710675</subfield>
  </datafield>
  <datafield tag="610" ind1="0" ind2=" ">
    <subfield code="a">&#x41D;&#x430;&#x443;&#x43A;&#x438; &#x43E; &#x417;&#x435;&#x43C;&#x43B;&#x435; -- &#x413;&#x435;&#x43E;&#x43B;&#x43E;&#x433;&#x438;&#x447;&#x435;&#x441;&#x43A;&#x438;&#x435; &#x43D;&#x430;&#x443;&#x43A;&#x438; -- &#x41C;&#x438;&#x43D;&#x435;&#x440;&#x430;&#x43B;&#x43E;&#x433;&#x438;&#x44F; -- &#x422;&#x435;&#x445;&#x43D;&#x43E;&#x43B;&#x43E;&#x433;&#x438;&#x447;&#x435;&#x441;&#x43A;&#x430;&#x44F; &#x43C;&#x438;&#x43D;&#x435;&#x440;&#x430;&#x43B;&#x43E;&#x433;&#x438;&#x44F; -- &#x41C;&#x430;&#x442;&#x435;&#x440;&#x438;&#x430;&#x43B;&#x44B; &#x43A;&#x43E;&#x43D;&#x444;&#x435;&#x440;&#x435;&#x43D;&#x446;&#x438;&#x438;</subfield>
  </datafield>
  <datafield tag="686" ind1=" " ind2=" ">
    <subfield code="a">&#x414;330.8&#x44F;431(2)</subfield>
    <subfield code="2">rubbk</subfield>
  </datafield>
  <datafield tag="686" ind1=" " ind2=" ">
    <subfield code="a">&#x414;330.8&#x44F;431</subfield>
  </datafield>
  <datafield tag="702" ind1=" " ind2="1">
    <subfield code="a">&#x41F;&#x43E;&#x442;&#x430;&#x43F;&#x43E;&#x432;</subfield>
    <subfield code="b">&#x421;. &#x421;.</subfield>
    <subfield code="g">&#x421;&#x435;&#x440;&#x433;&#x435;&#x439; &#x421;&#x435;&#x440;&#x433;&#x435;&#x435;&#x432;&#x438;&#x447;</subfield>
    <subfield code="4">340</subfield>
  </datafield>
  <datafield tag="711" ind1="1" ind2="2">
    <subfield code="a">"&#x41C;&#x438;&#x43D;&#x435;&#x440;&#x430;&#x43B;&#x43E;&#x433;&#x438;&#x44F; &#x442;&#x435;&#x445;&#x43D;&#x43E;&#x433;&#x435;&#x43D;&#x435;&#x437;&#x430; - 2010", &#x43D;&#x430;&#x443;&#x447;&#x43D;&#x44B;&#x439; &#x441;&#x435;&#x43C;&#x438;&#x43D;&#x430;&#x440;</subfield>
    <subfield code="d">11</subfield>
    <subfield code="e">&#x41C;&#x438;&#x430;&#x441;&#x441;</subfield>
    <subfield code="9">823801</subfield>
    <subfield code="3">RU\NLR\AUTH\8810163892</subfield>
  </datafield>
  <datafield tag="801" ind1=" " ind2="0">
    <subfield code="a">RU</subfield>
    <subfield code="b">&#x420;&#x413;&#x411;</subfield>
    <subfield code="c">20100803</subfield>
    <subfield code="g">rcr</subfield>
  </datafield>
  <datafield tag="801" ind1=" " ind2="1">
    <subfield code="a">RU</subfield>
    <subfield code="b">&#x420;&#x413;&#x411;</subfield>
    <subfield code="c">20100803</subfield>
  </datafield>
  <datafield tag="801" ind1=" " ind2="2">
    <subfield code="a">RU</subfield>
    <subfield code="b">NLR</subfield>
    <subfield code="c">20100927</subfield>
    <subfield code="g">rcr</subfield>
  </datafield>
  <datafield tag="942" ind1=" " ind2=" ">
    <subfield code="c">BOOK</subfield>
  </datafield>
  <datafield tag="980" ind1=" " ind2=" ">
    <subfield code="a">NB</subfield>
  </datafield>
  <datafield tag="980" ind1=" " ind2=" ">
    <subfield code="a">NBR</subfield>
  </datafield>
  <datafield tag="995" ind1=" " ind2=" ">
    <subfield code="5">2010-09-27</subfield>
    <subfield code="a">ad</subfield>
    <subfield code="b">NLR01</subfield>
    <subfield code="c">NLR01</subfield>
    <subfield code="e">RF8</subfield>
    <subfield code="f">3254631</subfield>
    <subfield code="k">2010-3/31598</subfield>
    <subfield code="o">0</subfield>
    <subfield code="r">BOOK</subfield>
    <subfield code="s">2010331598_</subfield>
  </datafield>
</record>
